Best Picture Titles - Every Word Quiz Stats

Quiz Updated Feb 27, 2017

Challenge
Share
Tweet
Embed
Score 0/176 Timer 12:00
13 Plays Today
Word % Correct
The
98.8%
A
97%
Of
85.1%
An
83.5%
On
78.5%
In
77.5%
For
76.9%
With
75.6%
Moonlight
72.4%
12
72.1%
King
69.2%
To
68.9%
II
67.9%
Titanic
67.4%
Gone
67.4%
Wind
66.7%
Slave
66.7%
Argo
66.6%
Men
65%
One
64.9%
Godfather
64.7%
Spotlight
64.5%
No
64.5%
Artist
63.6%
Love
63.5%
It
63%
All
62.8%
Birdman
62.4%
Man
60.7%
My
58.6%
Million
58%
You
57.2%
Casablanca
56.3%
Over
56%
Gump
55.6%
Forrest
55.5%
Hurt
55.5%
Locker
55.3%
Speech
55.2%
Baby
54.7%
Old
54.6%
King's
54.6%
American
54.5%
Lord
53.8%
Crash
53.8%
Rings
53.2%
Country
53.1%
Night
52.1%
Dollar
52.1%
West
51.5%
List
51%
Schindler's
50.1%
Return
49.4%
Story
49.3%
Flew
49%
Nest
49%
Beauty
48.9%
Slumdog
48.9%
Gladiator
48.7%
Word % Correct
Millionaire
48.3%
Cuckoo's
48.3%
Out
47.8%
Beautiful
47.6%
From
47.3%
Chicago
47%
About
46.7%
Was
46.7%
How
46.6%
Rocky
46.4%
Kramer
46.2%
Shakespeare
46.2%
Departed
45.8%
Eve
45.5%
Vs.
45.1%
Silence
45%
Dances
44.8%
Lambs
44.8%
Wolves
44.8%
Music
44.5%
Sound
44.2%
Mind
43.9%
Miss
43.7%
Side
43.6%
Life
43.5%
Part
43.5%
Great
43.3%
Rain
43%
Last
43%
Africa
42.9%
River
42.9%
Driving
42.7%
Daisy
42.6%
Unforgiven
42.3%
Platoon
42%
Braveheart
41.9%
English
41.4%
Bridge
41.3%
Green
41.1%
Patient
41.1%
Waterfront
41%
Fire
40.7%
Here
40.7%
People
40.2%
Kwai
40.2%
Annie
40.1%
Years
40%
Lady
40%
Wings
39.9%
Our
39.9%
Hunter
39.8%
World
39.7%
Deer
39.7%
Best
39.6%
Hall
39.6%
Chariots
39.3%
Gandhi
39.2%
Ben-Hur
38.9%
Patton
38.7%
Word % Correct
Days
38.6%
Ordinary
38.3%
Happened
38.2%
Quiet
38.2%
Eternity
38.1%
Front
38%
Amadeus
37.9%
French
37.9%
Fair
37.8%
Western
37.8%
Arabia
37.4%
Connection
37.3%
Lawrence
37.3%
Midnight
36.5%
Terms
36.5%
Show
36.5%
Endearment
36.3%
Valley
36.2%
Cowboy
36%
Sting
35.9%
Earth
35.9%
Around
35.8%
Lives
35.8%
Paris
35.7%
Heat
35.6%
Oliver!
35.5%
80
35.1%
Greatest
34.9%
Can't
34.4%
Emperor
34.2%
Way
34%
Mrs.
34%
Hamlet
33.4%
Apartment
33.4%
Gigi
33.2%
Lost
33.2%
Take
33.1%
Marty
32.9%
Grand
31.6%
Rebecca
31.5%
Hotel
31.5%
Cimarron
30.7%
Miniver
30.7%
Going
30.6%
Ziegfeld
30.1%
Zola
29.9%
Seasons
29.8%
Tom
29.6%
Emile
29.4%
Jones
28.9%
Cavalcade
28.4%
Weekend
28.3%
Bounty
28%
Mutiny
28%
Agreement
27.7%
Gentleman's
27.3%
Broadway
27.3%
Melody
26.3%

You're not logged in!

Compare scores with friends on all Sporcle quizzes.
Sign Up with Email
OR
Log In

You Might Also Like...

Show Comments

Extras

Top Quizzes Today


Score Distribution

Your Account Isn't Verified!

In order to create a playlist on Sporcle, you need to verify the email address you used during registration. Go to your Sporcle Settings to finish the process.